| 000 | 00519nam a2200181Ii 4500 | ||
|---|---|---|---|
| 003 | JO-AjNU | ||
| 008 | 230606s9999||||xx |||||||||||||| ||und|| | ||
| 040 |
_aJO-AjNU _beng _erda _cJO-AjNU |
||
| 041 | _aeng | ||
| 050 | 1 | 4 | _aPR6015.A97.S2 1982 |
| 100 | 3 |
_aConnolly ,Thomas (editor), _eauthor _95495 |
|
| 245 | 0 | 4 | _athe Scarlet letter and selected tales |
| 264 | 3 | 1 | _aPenguin Books, 1982 |
| 300 | _a271p | ||
| 336 |
_atext _btxt _2rdacontent |
||
| 337 |
_aunmediated _bn _2rdamedia |
||
| 338 |
_avolume _bnc _2rdacarrier |
||
| 999 |
_aE2840 _c2838 _d2838 |
||